| 000 | 01408nam0a2200337 i 4500 | ||
|---|---|---|---|
| 001 | RU\NLR\BIBL_A\010704027 | ||
| 005 | 20240921191810.0 | ||
| 010 |
_a9785906716378 _91500 |
||
| 021 |
_aRU _b2015-4921 _9306 |
||
| 035 | _a(NILC)RuMoRGB-007860117 | ||
| 035 | _a(NLR Aleph) 010704027 | ||
| 090 |
_a9734139 _c9734139 |
||
| 100 | _a20150319d2014 u y0rusy50 ca | ||
| 101 | 0 | _arus | |
| 102 | _aRU | ||
| 105 | _aach|z|||000yy | ||
| 200 | 1 |
_aПаровозы. Серия ИС "Иосиф Сталин" _fБ. В. Барковсков, М. Н. Тиунчик, Д. Б. Шибаев |
|
| 210 |
_aМосква _c[б. и.] _d2014 |
||
| 215 |
_a205 с., [4] л. цв. ил. _cил., портр., табл., факс. _d29 |
||
| 320 | _aБиблиогр.: с. 294 (14 назв.) | ||
| 517 | 1 | _aСерия ИС "Иосиф Сталин" | |
| 606 | 1 |
_aИС, пассажирские паровозы _xИстория _92225004 _3RU\NLR\AUTH\6601568731 |
|
| 686 | 1 | _aО231.05г(2) | |
| 700 | 1 |
_aБарковсков _bБ. В. _f1949- _gБорис Владимирович |
|
| 701 | 1 |
_aТиунчик _bМ. Н. _f1965- _gМихаил Назарьевич |
|
| 701 | 1 |
_aШибаев _bД. Б. _f1949-2009 _gДмитрий Борисович |
|
| 801 | 0 |
_aRU _bРГБ _c20150115 _gRCR |
|
| 942 | _cBOOK | ||
| 980 | _aNBR | ||